| 000 | 01082nam a2200301 a 4500 | ||
|---|---|---|---|
| 001 | 59702 | ||
| 003 | BD-RjUL | ||
| 005 | 20211209080747.0 | ||
| 008 | 161226s1990 ja b 001 0 eng d | ||
| 020 | _a0860084647 | ||
| 020 | _a4130470493 | ||
| 035 | _a(BD-RjUL)59826 | ||
| 040 |
_aBD-RjUL _cBD-RjUL _beng _dBD-RjUL |
||
| 041 | _aeng | ||
| 082 |
_223 _a370.1130959 _bSKI 1990 |
||
| 245 | 1 | 0 |
_aSkill formation in Japan and Southeast Asia / _cedited by Kazuo Koike and Takenori Inoki |
| 260 |
_aTokyo : _bUniversity of Tokyo Press, _cc1990 |
||
| 300 |
_ax, 252 p. : _bill. ; _c24 cm |
||
| 500 | _aTranslation of: Jinzai keisei no kokusai hikaku | ||
| 504 | _aIncludes bibliographical references (p. 241-248) and index | ||
| 650 | 0 |
_aOccupational training _zSoutheast Asia _9177664 |
|
| 650 | 0 |
_aOccupational training _zSoutheast Asia _vCase studies _9177665 |
|
| 650 | 0 |
_aOccupational training _zJapan _9177666 |
|
| 650 | 0 |
_aOccupational training _zJapan _xCase studies _9177667 |
|
| 700 | 1 |
_aInoki, Takenori. _9177668 |
|
| 700 | 1 |
_aKoike, Kazuo, _d1932- _9174657 |
|
| 942 |
_2ddc _cBK |
||
| 999 |
_c59702 _d59702 |
||